000 00315nam a2200133Ia 4500
999 _c10568
_d10568
003 OSt
008 220318s9999 xx 000 0 und d
020 _a9781632390011
082 _a712
100 _aAlex vedder
245 0 _aHandbook of landscape architecture vol. 2
260 _acallisto reference
942 _2ddc